UBT Library

Principles of pediatric nursing : (Record no. 42856)

000 -LEADER
fixed length control field 00851cam a22002774a 4500
001 - CONTROL NUMBER
control field 16521486
005 - DATE AND TIME OF LATEST TRANSACTION
control field 20180220031748.0
008 - FIXED-LENGTH DATA ELEMENTS--GENERAL INFORMATION
fixed length control field 101027s2012 maua b 001 0 eng
010 ## - LIBRARY OF CONGRESS CONTROL NUMBER
LC control number 2010046060
020 ## - INTERNATIONAL STANDARD BOOK NUMBER
International Standard Book Number 9780132111751 (alk. paper)
020 ## - INTERNATIONAL STANDARD BOOK NUMBER
International Standard Book Number 0132111756 (alk. paper)
035 ## - SYSTEM CONTROL NUMBER
System control number (DNLM)101545828
040 ## - CATALOGING SOURCE
Original cataloging agency DNLM/DLC
Transcribing agency DLC
Modifying agency DLC
041 ## - LANGUAGE CODE
Language code of text/sound track or separate title eng
042 ## - AUTHENTICATION CODE
Authentication code pcc
060 10 - NATIONAL LIBRARY OF MEDICINE CALL NUMBER
Classification number WY 159
080 ## - UNIVERSAL DECIMAL CLASSIFICATION NUMBER
Universal Decimal Classification number 618.9200231 BAL
082 00 - DEWEY DECIMAL CLASSIFICATION NUMBER
Classification number 618.9200231 BAL
Edition number 22
100 1# - Rafti
Rafti 3
101 ## - Shkurtesa
Shkurtesa INF
245 10 - TITLE STATEMENT
Title Principles of pediatric nursing :
Statement of responsibility, etc Jane W. Ball, Ruth C. Bindler, and Kay J. Cowen.
504 ## - BIBLIOGRAPHY, ETC. NOTE
Bibliography, etc Includes bibliographical references and index.
906 ## - LOCAL DATA ELEMENT F, LDF (RLIN)
a 7
b cbc
c orignew
d 1
e ecip
f 20
g y-gencatlg
942 ## - ADDED ENTRY ELEMENTS (KOHA)
Source of classification or shelving scheme
Item type Books
Holdings
Withdrawn status Lost status Source of classification or shelving scheme Damaged status Not for loan Collection code Permanent location Current location Shelving location Date acquired Total Checkouts Full call number Barcode Date last seen Price effective from Koha item type
          Koleksioni i përgjithshem UBT - Lipjan UBT - Lipjan Koleksioni i përgjithshem 02/20/2018   618.9200231 BAL 002-2998370 02/20/2018 02/20/2018 Books
UBT Library © 2015-2024. All rights reserved University Education for Business and Technology